Click the 2025 Memes - Sudden Death - Statistics

General Stats
  • This quiz has been taken 1,305 times
  • The average score is 2 of 7
Answers on the Grid
Answers color-coded by a green-red scale on the quiz's grid according to % correct below.
6-7
Thick of It
Doge
Dudeman
MUSTARD
African AI
Italian Brainrot
Property in Egypt
Skibidi Toilet
"Sigma"
ea-ea-a
Blue Collar SpongeBob
Chopped Chin
Totя
Mewing
 
Answer Stats
Answer % Correct
6-7
95%
Italian Brainrot
20%
Dudeman
10%
African AI
8%
Blue Collar SpongeBob
7%
Totя
6%
ea-ea-a
5%
No matching quizzes found
Score Distribution
Percent of People with Each Score
Percentile by Number Answered
Your Score History
You have not taken this quiz